Welcome to Marium Abdulla Library

Embrace knowledge with a breath of fresh air.

Browse Collection

Marium Abdulla Library

Constable : (Record no. 8323)

MARC details
000 -LEADER
fixed length control field 00453nam a2200193Ia 4500
001 - CONTROL NUMBER
control field 11681
003 - CONTROL NUMBER IDENTIFIER
control field IVS
005 - DATE AND TIME OF LATEST TRANSACTION
control field 20251203130717.0
008 - FIXED-LENGTH DATA ELEMENTS--GENERAL INFORMATION
fixed length control field 211022s9999 xx 000 0 und d
040 ## - CATALOGING SOURCE
Transcribing agency MAL
082 ## - DEWEY DECIMAL CLASSIFICATION NUMBER
Classification number 759.2 FAB
Item number 11681
100 ## - MAIN ENTRY--PERSONAL NAME
Personal name Fabbri, Publication
245 #0 - TITLE STATEMENT
Title Constable :
Remainder of title Discovering the great paintings (Vol-13)
260 ## - PUBLICATION, DISTRIBUTION, ETC.
Place of publication, distribution, etc. London
260 ## - PUBLICATION, DISTRIBUTION, ETC.
Name of publisher, distributor, etc. Fabbri Publishing
260 ## - PUBLICATION, DISTRIBUTION, ETC.
Date of publication, distribution, etc. 1990
300 ## - PHYSICAL DESCRIPTION
Extent 32
942 ## - ADDED ENTRY ELEMENTS (KOHA)
Koha item type Book
Suppress in OPAC No
Source of classification or shelving scheme Dewey Decimal Classification
Holdings
Date last seen Total checkouts Full call number Barcode Price effective from Koha item type Lost status Source of classification or shelving scheme Damaged status Not for loan Collection Withdrawn status Home library Current library Shelving location Date acquired Cost, normal purchase price
10/26/2021   759.2 FAB 11681 10/26/2021 Book   Dewey Decimal Classification     Fine Arts   Marium Abdulla Library Marium Abdulla Library Non-Ref 06/26/2014 2250.00
10/26/2021   759.2 FAB 11780 10/26/2021 Book   Dewey Decimal Classification     Fine Arts   Marium Abdulla Library Marium Abdulla Library Non-Ref 07/07/2014 4999.00